| 000 | 00906nam a2200289 a 4500 | ||
|---|---|---|---|
| 001 | 000043588 | ||
| 003 | DO-SdBPM | ||
| 005 | 20260601142233.0 | ||
| 007 | ta | ||
| 008 | 140327s2013 dr 000 0 spa d | ||
| 020 | _a9789945583595 | ||
| 040 |
_a DO-SdBPM _bspa _cBPMSU _erda |
||
| 082 |
_aRD866.5 _bM663c 2013 _222 |
||
| 100 | 1 |
_aMinaya, Ligia _d1941–2018 _4aut. _eautora |
|
| 245 | 1 | 0 |
_aCartas a mi Nieto / _cLigia Minaya. |
| 264 |
_aSanto Domingo : _bSantuario, _c2013. |
||
| 300 |
_a62 páginas ; _c23 cm. |
||
| 336 |
_atexto _btxt _2rdacontent |
||
| 337 |
_asin mediación _bn _2rdamedia |
||
| 338 |
_avolumen _bnc _2rdacarrier |
||
| 500 | _aIncluye datos biográficos de la autora en la solapa de la cubierta | ||
| 590 | _aInventariado, 2026/VM | ||
| 650 | 7 | _aCartas dominicanas | |
| 650 | 7 | _a Literatura dominicana | |
| 910 | _aVMateo V. Control de calidad. BPMSU | ||
| 942 |
_2ddc _cBK |
||
| 999 |
_c7157 _d7157 |
||